Francúzsky automobilový priemysel a jeho postavenie vo svetovom hospodárstve bakalárska práca

Na minha lista:
Detalhes bibliográficos
Autor principal: Martvoňová, Barbora
Autor Corporativo: Fakulta medzinárodných vzťahov EU. Katedra medzinárodných ekonomických vzťahov a hospodárskej diplomacie
Outros Autores: Lipková, Ľudmila
Formato: Livro
Idioma:eslovaco
Publicado em: Bratislava 2009
Tags: Adicionar Tag
Sem tags, seja o primeiro a adicionar uma tag!

MARC

LEADER 00000nam$a2200000$$$4500
001 0103069
005 20240318140829.7
041 0 |a slo 
044 |a SK 
245 1 0 |a Francúzsky automobilový priemysel a jeho postavenie vo svetovom hospodárstve  |b bakalárska práca  |c Barbora Martvoňová ; škol. Ľudmila Lipková 
264 1 |a Bratislava  |c 2009 
300 |a 48 s. 
100 1 |a Martvoňová, Barbora 
700 1 |a Lipková, Ľudmila 
710 2 |a Fakulta medzinárodných vzťahov EU. Katedra medzinárodných ekonomických vzťahov a hospodárskej diplomacie